00410nam a2200145 a 4500008004100000050001600041100001600057245005400073246002400127260004200151300001600193350000900209650003100218700001500249120416s1976 ||||||||||||||||| || u aHB 2041 Mig aClout, Hugh10aMigration in post-war Europecedited by John Salt ageographical essays aLondonbOxford University Pressc1976 a228p. : Ill a0.00 aMIGRATION, POST-WAR EUROPE aSalt, John